|
|
|
|
| LEADER |
00000nab a2200000 a 4500 |
| 001 |
vtls000104726 |
| 003 |
SK-MaSNL |
| 005 |
20260304063901.0 |
| 008 |
250422c1981 xo 0 slo |
| 015 |
|
|
|a SNBRB19rr/mm-uuuuu
|
| 035 |
|
|
|a CL0114829
|
| 035 |
|
|
|a urn:nbn:sk:snk-ab2td
|
| 035 |
|
|
|a (urnnbn)urn:nbn:sk:snk:ar-a03k18
|
| 035 |
|
|
|a (uuid)d9346f3d-9bc5-4edd-9621-73df658acbbd
|
| 040 |
|
|
|a SNKBUCL
|b slo
|c SNKBUCL
|e AACR2
|
| 041 |
0 |
|
|a slo
|
| 044 |
|
|
|a xo
|c SK
|
| 080 |
|
|
|a 616.3
|2 1981
|
| 080 |
|
|
|a 616.9
|2 1981
|
| 245 |
0 |
0 |
|a Epidemiologický význam nosičstva antigénu hepatitídy B ; Juraj Červenka, Ľubica Fodorová, Rudolf Krutý, Antónia Halásová
|
| 300 |
|
|
|b Tb. 2. Res. rus., angl., nem.
|
| 650 |
0 |
7 |
|a hepatitída vírusová B
|2 snkbucl
|9 990598
|
| 655 |
|
7 |
|a články z novín a časopisov
|2 snkbucl
|9 267496
|
| 700 |
1 |
|
|a Červenka, Juraj,
|d 1918-2001
|4 aut
|9 157560
|
| 700 |
1 |
|
|a Fodorová, Ľubica
|4 aut
|9 1350909
|
| 700 |
1 |
|
|a Krutý, Rudolf,
|d 1915-1998
|4 aut
|9 202695
|
| 700 |
1 |
|
|a Halásová, Antónia
|4 aut
|9 1267311
|
| 773 |
0 |
|
|t Bratislavské lekárske listy
|g Roč. 76, č. 6 (1981), s. 641-647
|
| 850 |
|
|
|a Slovenská národná knižnica
|
| 852 |
|
|
|a Slovenská národná knižnica
|
| 954 |
|
|
|a odborná, vedecká literatúra pôvodná (slovenská)
|2 lita
|
| 958 |
|
|
|a article27
|
| 958 |
|
|
|a RK
|
| 958 |
|
|
|a MI
|
| 958 |
|
|
|a OND
|
| 958 |
|
|
|a EUIPO
|
| 992 |
|
|
|a RBX
|
| 999 |
|
|
|c 2744421
|d 2746351
|